OCA/OCP : Introduction to Oracle9i SQL,Study guide
Here's the book you need to prepare for Exam 1Z0-007: Introduction to Oracle9i: In-depth coverage of official exam objectives Practical information on using SQL in a real-world Oracle9i en Hundreds of challenging review questions, in the book and on the CD
Gorde:
| Egile nagusia: | |
|---|---|
| Formatua: | Liburua |
| Hizkuntza: | Undetermined |
| Argitaratua: |
San Francisco, CA
Sybex
2002
|
| Gaiak: | |
| Etiketak: |
Etiketa erantsi
Etiketarik gabe, Izan zaitez lehena erregistro honi etiketa jartzen!
|
| Thư viện lưu trữ: | Trung tâm Học liệu Trường Đại học Cần Thơ |
|---|
| LEADER | 00979nam a2200217Ia 4500 | ||
|---|---|---|---|
| 001 | CTU_214430 | ||
| 008 | 210402s9999 xx 000 0 und d | ||
| 082 | |a 005.7585 | ||
| 082 | |b D269 | ||
| 100 | |a Dawes, Chip | ||
| 245 | 0 | |a OCA/OCP : | |
| 245 | 0 | |b Introduction to Oracle9i SQL,Study guide | |
| 245 | 0 | |c Chip Dawes, Biju Thomas | |
| 260 | |a San Francisco, CA | ||
| 260 | |b Sybex | ||
| 260 | |c 2002 | ||
| 520 | |a Here's the book you need to prepare for Exam 1Z0-007: Introduction to Oracle9i: In-depth coverage of official exam objectives Practical information on using SQL in a real-world Oracle9i en Hundreds of challenging review questions, in the book and on the CD | ||
| 650 | |a Electronic data processing personnel,Quản lý cơ sở dữ liệu,Database management,Xử lý dữ liệu điện tử | ||
| 650 | |x Certification,Kiểm tra,Examinations | ||
| 904 | |i Trọng Hiếu | ||
| 980 | |a Trung tâm Học liệu Trường Đại học Cần Thơ | ||